Východiská a osobitosti manažmentu cestovného ruchu.

Podnikatelia v cestovnom ruchu si musia osvojiť poznatky z teórie a praxe medzinárodného manažmentu a aplikovať ich v závislosti od meniacich sa podmienok na trhu. Osobitosti podnikania v cestovnom ruchu. Základné znaky manažmentu v cestovnom ruchu. Komplex služieb cestovného ruchu.

Salvato in:
Dettagli Bibliografici
Autore principale: Gúčik, Marián
Natura: Capitolo di libro
Lingua:slovacco
Soggetti:
Tags: Aggiungi Tag
Nessun Tag, puoi essere il primo ad aggiungerne!!

MARC

LEADER 00000naa a2200000 4500
001 r013077
005 20221205075740.5
041 0 |a slo 
044 |a SK 
245 1 0 |a Východiská a osobitosti manažmentu cestovného ruchu.  |c M. Gúčik 
520 |a Podnikatelia v cestovnom ruchu si musia osvojiť poznatky z teórie a praxe medzinárodného manažmentu a aplikovať ich v závislosti od meniacich sa podmienok na trhu. Osobitosti podnikania v cestovnom ruchu. Základné znaky manažmentu v cestovnom ruchu. Komplex služieb cestovného ruchu. 
610 2 0 |a manažment 
610 2 0 |a ruch cestovný 
610 2 0 |a služby 
610 2 0 |a potreby 
610 2 0 |a podnikanie 
100 1 |a Gúčik, Marián